| 000 | 00863cam a2200253 a 4500 | ||
|---|---|---|---|
| 001 | 000018236 | ||
| 005 | 20200929165420.0 | ||
| 008 | 720522s1944 nyuab 000 0 eng d | ||
| 040 |
_aDO-SdBNP _cODaWU _dOCoLC _dDLC _dBNPHU |
||
| 041 | 1 | _aengund | |
| 082 |
_a883.01 _aH766ó |
||
| 100 | 0 |
_aHomer. _939490 |
|
| 245 | 1 | 4 |
_aThe Odyssey of Homer / _ctranslated by Samuel Butler ; edited by Louise Ropes Loomis. |
| 260 |
_aNew York, : _bWalter J. Black, _c1944. |
||
| 300 |
_axxxix, 306 p. : _bills. ; mapa, ; _c19 cm. |
||
| 650 | 4 |
_aPoesía griega _95285 |
|
| 650 | 4 |
_aPoesía épica _939491 |
|
| 650 | 4 |
_aLiteratura griega _92386 |
|
| 650 | 0 |
_aEpic poetry, greek _vTranslations into English. _939492 |
|
| 700 | 1 |
_aButler, Samuel, _d1835-1902, _etr. _939093 |
|
| 700 | 1 |
_aLoomis, Louise Ropes, _d1874- _eed. _939493 |
|
| 910 | _aCatalogación derivada | ||
| 049 | _aBNGR | ||
| 999 |
_c17757 _d17757 |
||